000 00669nam a2200277Ia 4500
005 20260324124549.0
008 008 260324s9999 xx 000 0 eng d
020 _a9780429063121
037 _aEBOOK
040 _aCRL
040 _beng
040 _cCRL
041 _2eng
041 _aeng
084 _qCRL
100 _aJeoungseok Yoon; Heping Xie; Michael Z. Hou
_91174639
245 0 _aUnderground Storage of CO2 and Energy
260 _bTaylor and Francis
260 _c2010
365 _a
365 _b370
856 _uhttp://www.taylorfrancis.com/books/9780429063121
942 _cEBOOK
999 _c1769117
_d1769117